[Event "Lyon op"]
[Site "Lyon"]
[Date "2005.04.16"]
[Round "1"]
[White "Di Gregorio, Fabio"]
[Black "Almagro, Luc"]
[Result "0-1"]
[WhiteElo "1410"]
[BlackElo "1918"]
[PlyCount "58"]
[EventDate "2005.04.16"]
[EventType "swiss"]
[EventRounds "9"]
[EventCountry "FRA"]
[SourceTitle "CBM 105 Extra"]
[Source "ChessBase"]
[SourceDate "2005.05.01"]
[SourceVersion "1"]
[SourceVersionDate "2005.05.01"]
[SourceQuality "1"]

1. e4 c6 2. Nc3 d5 3. exd5 cxd5 4. d4 Nf6 5. Nf3 Nc6 6. Bb5 a6 7. Bxc6+ bxc6 8. Bf4 Bg4 9. Qd3 e6 10. 0-0 Qb6 11. Be5 Bf5 12. Qd2 Be7 13. Na4 Qb5 14. b3 Ne4 15. Qe3 0-0 16. c3 Rac8 17. Nd2 Nf6 18. a3 Ng4 19. Qg3 Nxe5 20. Qxe5 c5 21. Nf3 Qxb3 22. Nxc5 Bxc5 23. dxc5 Qc4 24. Rae1 Qxc5 25. Nh4 Bd3 26. Qg3 Bxf1 27. Rxf1 Qxc3 28. Qe3 Qxe3 29. fxe3 Rc3 0-1

[Event "Loire Cup 2000 Phase Ligue"]
[Site "Loire"]
[Date "2003.02.23"]
[Round "1"]
[White "Vincent, Jean Christophe"]
[Black "Almagro, Luc"]
[Result "0-1"]
[WhiteElo "1860"]
[BlackElo "1947"]
[PlyCount "78"]
[EventDate "2003.02.23"]
[EventType "team"]
[EventRounds "3"]
[EventCountry "FRA"]
[SourceTitle "EXT 2008"]
[Source "ChessBase"]
[SourceDate "2007.11.25"]
[SourceVersion "1"]
[SourceVersionDate "2007.11.25"]
[SourceQuality "1"]

1. e4 c6 2. d4 d5 3. exd5 cxd5 4. Bd3 Nc6 5. c3 Nf6 6. Qb3 h6 7. Bf4 e6 8. Na3 a6 9. Nf3 Nh5 10. Be5 Nxe5 11. Nxe5 Nf4 12. Qa4+ Bd7 13. Nxd7 Nxd3+ 14. Ke2 Nf4+ 15. Kf3 Qxd7 16. Qxd7+ Kxd7 17. Kxf4 Bxa3 18. bxa3 Rhc8 19. Rhc1 Rc4 20. Rab1 b5 21. Ke3 Rac8 22. Kd2 Ra4 23. Rb3 f6 24. f4 g5 25. Rf1 Rg8 26. g3 f5 27. Kc2 h5 28. Kb2 Rc4 29. Rb4 h4 30. gxh4 gxh4 31. Rf3 Rg2+ 32. Kb3 Rxh2 33. a4 bxa4+ 34. Rxa4 Rxa4 35. Kxa4 Rxa2+ 36. Kb4 Rh2 37. Ka5 h3 38. Kxa6 Rh1 39. Kb5 h2 0-1